01689nab a2200277uuc4500001000800000005001700008008004100025035001200066040001300078041000800091100004300099245012300142520070800265650002100973650003300994650002801027650002601055650003001081700004701111700004301158700003801201700004401239773009901283942001001382999001901392135733720240202114257.0140131e20130705 spa  a1357337 ccomduadb aspa10aBarbin, Eduardo Luiz4auteaut971689510aApexificación del incisivo central con rizogénesis incompleta y pulpa necrótica asociada con lesión periapical3 aDientes inmaduros con pulpa necrótica presentando foramen apical amplio y paredes delgadas y frágiles, se convierten en un desafío para el tratamiento endodóntico. En vista de estas características, es imperativo una apexificación para obtener un sellado apical adecuado. El siguiente caso clínico describe el tratamiento de apexificación a través de curativos a base de hidróxido de calcio, donde se ha logrado éxito en la formación de una barrera apical osteocementaria. Hemos encontrado que la apexificación a través del uso de la terapia recomendada en el incisivo central con formación radicular incompleta y necrosis, llevó una exitosa finalización endodóntica. aIncisivos923250 aHidróxido de calcio936867 aApexificación9204342 aRizogénesis9207902 aAbsceso periapical96228210aSposito, Otavio Da Silva4auteaut970934710aMachado, Jean Wagner4auteaut971689610aMartos, Josué4auteaut939904210aDamian, Melissa Feres4auteaut96857890 tEndodoncia (Barcelona)gVol. 31, No. 03, Jul.-Sep. 2013, p. 146-151w370912x1130-99030112773 cARIMP c676009d676009